| 000 | 00575nam a22001697a 4500 | ||
|---|---|---|---|
| 003 | CEME | ||
| 005 | 20210628210702.0 | ||
| 008 | 210211b xxu||||| |||| 00| 0 eng d | ||
| 020 | _a1-55860-574-6 | ||
| 040 | _c. | ||
| 082 | _a621.3821 WAL | ||
| 100 |
_aVaraiya, Pravin Walrand, Jean _980533 |
||
| 245 | _aHigh performance communication networks | ||
| 260 |
_aSAN FRANCISCO _bMORGAN KAUFMANN PUBLISHER _c2000 |
||
| 650 |
_aCOMPUTER NETWORKS MULTIMEDIA SYSTEMS HIGH PERFORMANCE COMPUTING ASYNCHRONOUS TRANSFER MODE WIRELESS COMMUNICATIONS SYSTEMS _980534 |
||
| 942 |
_cBK _2ddc |
||
| 999 |
_c585454 _d585454 |
||